МАРК-запис
| 000 -Лідер |
| fixed length control field |
02670 a2200229 4500 |
| 003 - Ідентифікатор контрольного номера |
| control field |
UA-OsUOA |
| 005 - Дата та час останнього входження (трансакції) |
| control field |
20201231205029.0 |
| 008 - Елементи даних фіксованої довжини – загальна інформація |
| fixed length control field |
201231b un ||||| |||| 00| 0 ukr d |
| 020 ## - Міжнародний стандартний книжковий номер (ISBN) |
| Міжнародний стандартний книжковий номер (ISBN) (НП) |
9786171276154 |
| 040 ## - Джерело каталогізації |
| Агенція оригінальної каталогізації |
UA-OsUOA |
| Мова каталогізації |
ukr |
| Агенція, яка здійснювала перезапис |
UA-OsUOA |
| Агенція, яка здійснювала модифікацію |
UA-OsUOA |
| 041 ## - Код мови |
| Код мови тексту/ звукової доріжки чи окремого заголовка (П) |
ukr |
| 080 ## - Індекс Універсальної десяткової класифікації |
| Індекс Універсальної десяткової класифікації (УДК) (НП) |
159.9 |
| 090 ## - Локальний шифр розміщення |
| Класифікаційний індекс УДК |
159.9 |
| Авторський знак (НП) |
Ч-75 |
| 245 ## - Відомості про назву |
| Назва (НП) |
Чому люди тупі? Психологія дурості |
| Дані про відповідальність (НП) |
за ред. Жана-Франсуа Марміона |
| 260 ## - Публікація, розповсюдження і т.п. (Вихідні дані) |
| Місце публікації, розповсюдження і т.п. (П) |
Харків |
| Ім’я/ наймення видавництва, розповсюджувача і т.п. (П) |
Клуб Сімейного Дозвілля |
| Дата публікації, розповсюдження і т.п. (П) |
2020 |
| 300 ## - Фізичний опис |
| Обсяг |
240 с. |
| 520 ## - Резюме і т.п. |
| Резюме, реферат, анотація, тощо (НП) |
Щодня без винятку ми бачимо, чуємо й читаємо дурниці. Водночас усі їх роблять, думають, перетравлюють і говорять. Усі ми час від часу буваємо дурнями, які мимохіть верзуть дурниці без важких наслідків. Та поза щоденним фоновим шумом глупства доводиться мати справу з натовпом фахових, коронованих дурнів, дурнів із великої літери. І в цих дурнях, хоч де вони нас спіткають, на роботі чи вдома, немає нічого смішного. Тож чому їхня «популяція» збільшується, перетворюючи дурість із вади на еталон? Французький науковий журналіст Жан-Франсуа Марміон здійснив приголомшливе комплексне дослідження феномена людської тупості. Як інтернет і соціальні мережі роблять нас дурними? Чому дуже розумні люди часом вірять у дурниці? Як боротися з колективною тупістю? Пропаганда відсталості та методи протистояння обскурантизму. У цій сміливій, часом зухвалій і відвертій історії психіатри, вчені, філософи, соціологи та письменники з усього світу пропонують нам свій погляд на людську дурість, її природу і на те, чому вона досі існує в нашому житті.<br/><br/> |
| 650 ## - Додаткове предметне введення – тематичний термін |
| Джерело заголовка чи терміна |
UDC |
| Тематичний термін чи географічна назва, як елемент введення (НП) |
159.9 Психологія |
| 942 ## - Додаткові елементи входу (Коха) |
| Тип елемента Koha |
Книги |
| Source of classification or shelving scheme |
Universal Decimal Classification |
| 955 ## - Код типу видання за змістом |
| Код типу видання за змістом (НП) |
Науково-популярні видання |